000
00439nam a2200181Ia 4500
008
100917s9999 xx 000 0 und d
082
_b
7238
100
_a
नांगरे बलराम
245
_a
अपंगा
260
_b
---
_c
1965
300
_a
167
365
_b
6
520
_a
कादंबरी
630
_a
अपंगा
650
_a
कादंबरी
730
_a
अपंगा
942
_c
BOOK
999
_c
612632
_d
612629